000 00538nam a2200217Ia 4500
003 OSt
005 20220924133211.0
006 a|||||r|||| 00| 0
007 ta
008 220923b |||||||| |||| 00| 0 urd d
024 _a259754
037 _cTextual
040 _aARTS
_cARTS
_burd
041 _2urd
_aurd
082 _aO168,3NBR:g, P6
100 _aAloovi
_9205850
245 0 _aRajinder Singh Bedi
_bEk mutala
260 _c2006
942 _hO168,3NBR:g, P6
_cTEXL
_2CC
999 _c432946
_d432946